Ornamental horticulture (Record no. 252973)

MARC details
000 -LEADER
fixed length control field 00464nam a22001697a 4500
020 ## - INTERNATIONAL STANDARD BOOK NUMBER
International Standard Book Number 9789383305865
041 ## - LANGUAGE CODE
Language code of text/sound track or separate title English
082 ## - DEWEY DECIMAL CLASSIFICATION NUMBER
Classification number 635
Item number SIN/OR
100 ## - MAIN ENTRY--PERSONAL NAME
Personal name Sindhu S S, ed.
100 ## - MAIN ENTRY--PERSONAL NAME
Personal name Peter K V,ed.(series)
245 ## - TITLE STATEMENT
Title Ornamental horticulture
260 ## - PUBLICATION, DISTRIBUTION, ETC. (IMPRINT)
Place of publication, distribution, etc. New Delhi
Name of publisher, distributor, etc. New India Publishing Agency
Date of publication, distribution, etc. 2016
300 ## - PHYSICAL DESCRIPTION
Extent 485p
365 ## - TRADE PRICE
Price amount Rs.4950/-
650 ## - SUBJECT ADDED ENTRY--TOPICAL TERM
Topical term or geographic name as entry element Landscape design,garden features,green building concept,hanging gardens
942 ## - ADDED ENTRY ELEMENTS (KOHA)
Koha item type Books (General)
Holdings
Withdrawn status Lost status Damaged status Not for loan Home library Current library Date acquired Cost, normal purchase price Total Checkouts Full call number Barcode Date last seen Date checked out Price effective from Koha item type
        College of Agriculture, Vellanikkara College of Agriculture, Vellanikkara 03/06/2017 4950.00 9 635 SIN/OR KAU-COA-32789 22/02/2021 23/01/2021 03/06/2017 Books (General)
Kerala Agricultural University Central Library
Thrissur-(Dt.), Kerala Pin:- 680656, India
Ph : (+91)(487) 2372219
E-mail: librarian@kau.in
Website: http://library.kau.in/